| 000 | 00682nam a2200205 a 4500 | ||
|---|---|---|---|
| 001 | 1531 | ||
| 003 | BR-CuiBMT | ||
| 005 | 20231214142104.0 | ||
| 008 | 231214s1996 mtb 000 0 por d | ||
| 040 |
_aBR-CuiBMT _cBR-CuiBMT |
||
| 080 |
_22007 _a017 _x(817.2) |
||
| 090 |
_a017(817.2) _bC357 |
||
| 245 | 1 |
_aCatálogo temático : _bcoleção "Amidicis Diogo Tocantins" / _corganizado por Elizabeth Madureira Siqueira |
|
| 260 |
_aCuiabá : _bEdUFMT, _c1996. |
||
| 300 |
_a116 p.: _c23 cm |
||
| 650 | _aUFMT - Catálogo bibliográfico | ||
| 650 |
_aColeção Amidicis Tocantins _xCatálogos _zMato Grosso |
||
| 700 |
_4org. _aSiqueira, Elizabeth Madureira, _d1947- |
||
| 942 |
_2udc _cLV |
||
| 999 |
_c1531 _d1531 |
||